000 01475nam a22002657a 4500
005 20150821133432.0
008 150729s1916 ck ||||| |||| 00| 0 spa d
040 _cSandra Yazo
_dSandra Yazo
041 0 _aspa
082 0 4 _220
_a910.13309861
092 _aE36N061
100 1 _aRobledo, Emilio
_d1875-1961
_970434
245 1 0 _aGeografía médica Y nosologica del departamento de Caldas
_bPrecedida de una noticia historica sobre el descubrimietno y conquista del mismo
_cDr. Emilio Robledo
260 _aManizales (Colombia)
_bImprenta Departamental
_c1916
300 _axxi, 308 páginas
_c21 x 15 cm
500 _aDetalles físicos: Encuadernación flexible. Tapas con rotura y perdida parcial. Ejemplar en regular estado de conservación. Mapa al inicio de la obra. Portada impresa en una sola tinta.Texto en una columna. Notas al pie de página. Ilustraciones entre el texto
504 _aIncluye referencias bibliográficas
505 2 _aCompendio histórico del descubrimiento y conquista del territorio del actual departamento de Caldas, en la Republica a de Colombia ; Geografía médica del Departamento de Caldas ; Altimetría del Departamento de Caldas
506 _aConsulta en sala
650 7 _916353
_aGeografía médica
_zCaldas (Colombia)
650 7 _920448
_aNosología
_zCaldas (Colombia)
651 0 4 _aCaldas (Colombia)
_xHistoria
_970435
690 _942830
_aGeografía de Colombia
942 _2LOCAL
_aE36N059
_cLIBRO
_e1
_hE36N061
999 _c300638
_d300638